MARC

LEADER 00000nam0a2200000 4500
001 334836
005 20231102004707.0
035 |a (RuTPU)RU\TPU\book\361134 
090 |a 334836 
100 |a 20170907d1952 k y0rusy50 ca 
101 0 |a rus 
102 |a RU 
105 |a y z 001zy 
200 1 |a К теории разложения амальгам растворами электролитов  |e [оттиск]  |f О. Л. Капцан, З. А. Иофа  |g Академия наук СССР (АН СССР) 
210 |a Москва  |c Изд-во АН СССР  |d 1952 
215 |a 8 с. 
225 1 |a Журнал физической химии  |v Т. 26, вып. 2 
320 |a Библиогр. в конце ст. 
606 1 |a Амальгамы  |x Электрохимия  |2 stltpush  |3 (RuTPU)RU\TPU\subj\21980  |9 46881 
610 1 |a оттиски 
610 1 |a библиотека А. Г. Стромберга 
610 1 |a разложение 
610 1 |a электролиты 
610 1 |a формулы 
610 1 |a щелочные растворы 
610 1 |a кислые растворы 
610 1 |a слабокислые растворы 
610 1 |a поверхностно-активные вещества 
675 |a 669.79  |v 4 
700 1 |a Капцан  |b О. Л. 
701 1 |a Иофа  |b З. А. 
712 0 2 |a Академия наук СССР (АН СССР)  |c (Ленинград/Москва)  |c (1925-1991)  |2 stltpush  |3 (RuTPU)RU\TPU\col\722 
801 1 |a RU  |b 63413507  |c 20170907 
801 2 |a RU  |b 63413507  |c 20171211  |g RCR 
942 |c BK